Java enterprise in a nutshell(E-BOOK) (Record no. 191513)

000 -LEADER
fixed length control field 01340 a2200301 4500
003 - CONTROL NUMBER IDENTIFIER
control field Nust
005 - DATE AND TIME OF LATEST TRANSACTION
control field 20170207154018.0
010 ## - LIBRARY OF CONGRESS CONTROL NUMBER
LC control number 2006275167
020 ## - INTERNATIONAL STANDARD BOOK NUMBER
International Standard Book Number 0596101422 (pbk.)
020 ## - INTERNATIONAL STANDARD BOOK NUMBER
International Standard Book Number 9780596101428
035 ## - SYSTEM CONTROL NUMBER
System control number (OCoLC)ocm65607011
040 ## - CATALOGING SOURCE
Transcribing agency Nust
082 00 - DEWEY DECIMAL CLASSIFICATION NUMBER
Classification number 005.133
100 1# - MAIN ENTRY--PERSONAL NAME
Personal name Farley, Jim.
245 10 - TITLE STATEMENT
Title Java enterprise in a nutshell(E-BOOK)
Statement of responsibility, etc. Jim Farley and William Crawford ; with Prakash Malani, John G. Norman, and Justin Gehtland.
250 ## - EDITION STATEMENT
Edition statement 3rd ed.
260 ## - PUBLICATION, DISTRIBUTION, ETC.
Place of publication, distribution, etc. Sebastopol, Calif. :
Name of publisher, distributor, etc. O'Reilly,
Date of publication, distribution, etc. c2006.
300 ## - PHYSICAL DESCRIPTION
Extent xviii, 871 p. :
Other physical details ill. ;
Dimensions 23 cm.
490 0# - SERIES STATEMENT
Series statement In a nutshell
500 ## - GENERAL NOTE
General note "Covers JEEE 1.4"--Cover.
505 0# - FORMATTED CONTENTS NOTE
Formatted contents note Introduction (Page-1) Goals and Design Principles (Page-3) Architectural Overview (Page-5The Message Class (Page-13) The Mail Session (Page-25) Message Storage and Retrieval (Page-33) The JavaBeans Activation Framework (Page-41) Message Composition (Page-45) Transport Protocols and Mechanisms (Page-51) Internet Mail (Page-55)
650 #0 - SUBJECT ADDED ENTRY--TOPICAL TERM
Topical term or geographic name entry element Java (Computer program language)
650 #0 - SUBJECT ADDED ENTRY--TOPICAL TERM
Topical term or geographic name entry element Object-oriented programming (Computer science)
650 #0 - SUBJECT ADDED ENTRY--TOPICAL TERM
Topical term or geographic name entry element Web servers.
651 ## - SUBJECT ADDED ENTRY--GEOGRAPHIC NAME
Geographic name Java enterprise in a nutshell(E-BOOK)
700 1# - ADDED ENTRY--PERSONAL NAME
Personal name Crawford, William,
Dates associated with a name 1978-
856 42 - ELECTRONIC LOCATION AND ACCESS
Materials specified Publisher description
Uniform Resource Identifier <a href="http://www.loc.gov/catdir/enhancements/fy0715/2006275167-d.html">http://www.loc.gov/catdir/enhancements/fy0715/2006275167-d.html</a>
942 ## - ADDED ENTRY ELEMENTS (KOHA)
Source of classification or shelving scheme
Koha item type Book
Holdings
Withdrawn status Lost status Source of classification or shelving scheme Damaged status Not for loan Collection code Permanent Location Current Location Date acquired Total Checkouts Full call number Barcode Date last seen Price effective from Koha item type
            Military College of Signals (MCS) Military College of Signals (MCS) 12/12/2016   005.133 CRA MCSEB-258 12/08/2016 12/12/2016 Book
© 2023 Central Library, National University of Sciences and Technology. All Rights Reserved.